[Event "CHN-ch Gp-B"]
[Site "Liaocheng"]
[Date "2024.04.21"]
[Round "2"]
[White "Wang, Hao B"]
[Black "Feng, Yusheng"]
[Result "1-0"]
[WhiteElo "2170"]
[BlackElo "1763"]
[PlyCount "63"]
[EventDate "2024.04.21"]
[EventType "swiss"]
[EventRounds "11"]
[EventCountry "CHN"]
[SourceTitle "CB18_2024"]
[SourceDate "2024.05.01"]
[SourceVersion "1"]
[SourceVersionDate "2024.05.01"]
[SourceQuality "2"]

1. d4 Nf6 2. c4 e6 3. Nf3 b6 4. a3 Bb7 5. Nc3 Be7 6. Qc2 d5 7. cxd5 exd5 8. Bf4 a6 9. e3 Nbd7 10. Bd3 0-0 11. g4 g6 12. Rg1 c5 13. h4 c4 14. Be2 Re8 15. h5 Bf8 16. hxg6 hxg6 17. 0-0-0 b5 18. Ne5 Bg7 19. Bf3 Nf8 20. Rh1 Rc8 21. Bh6 Qd6 22. Bxg7 Kxg7 23. g5 N6h7 24. Bg4 Rb8 25. f4 Bc8 26. Bxc8 Rbxc8 27. Rh6 f5 28. Rdh1 Kg8 29. Qxf5 gxf5 30. Rxd6 Rb8 31. g6 Rb7 32. Nxd5 1-0

[Event "CHN-chTB"]
[Site "Hefei"]
[Date "2023.04.21"]
[Round "7"]
[White "Wang, Hao B"]
[Black "Mu, Ke"]
[Result "1/2-1/2"]
[WhiteElo "2165"]
[BlackElo "2416"]
[PlyCount "71"]
[EventDate "2023.04.17"]
[EventType "team-swiss"]
[EventRounds "9"]
[EventCountry "CHN"]
[SourceTitle "EXT 2024"]
[Source "ChessBase"]
[SourceDate "2023.10.10"]
[SourceVersion "1"]
[SourceVersionDate "2023.10.10"]
[SourceQuality "1"]
[WhiteTeam "Qingdao Qingwei"]
[BlackTeam "Shenzhen Qiyu"]
[WhiteTeamCountry "CHN"]
[BlackTeamCountry "CHN"]

1. d4 d5 2. c4 c6 3. Nf3 Nf6 4. Nc3 e6 5. e3 Nbd7 6. Bd3 dxc4 7. Bxc4 b5 8. Bd3 Bb7 9. 0-0 a6 10. a4 b4 11. Ne2 c5 12. Ng3 Be7 13. Qe2 0-0 14. Rd1 Qc7 15. Bd2 Rfd8 16. Rac1 Qb6 17. e4 cxd4 18. e5 Bxf3 19. gxf3 Nd5 20. f4 g6 21. Qg4 Nc5 22. Rxc5 Bxc5 23. Ne4 Bf8 24. h4 h5 25. Qg3 Bg7 26. Kh2 Ne7 27. Rg1 Nf5 28. Qg5 Kf8 29. Kh3 a5 30. Nf6 Bh6 31. Nh7+ Kg8 32. Qf6 Bg7 33. Rxg6 fxg6 34. Qxg6 Qc6 35. Be4 Qc4 36. Kh2 1/2-1/2

[Event "CHN-chTB"]
[Site "Hefei"]
[Date "2023.04.17"]
[Round "2"]
[White "Wang, Hao B"]
[Black "Liu, Zhuolu"]
[Result "1-0"]
[WhiteElo "2165"]
[BlackElo "1384"]
[PlyCount "75"]
[EventDate "2023.04.17"]
[EventType "team-swiss"]
[EventRounds "9"]
[EventCountry "CHN"]
[SourceTitle "EXT 2024"]
[Source "ChessBase"]
[SourceDate "2023.10.10"]
[SourceVersion "1"]
[SourceVersionDate "2023.10.10"]
[SourceQuality "1"]
[WhiteTeam "Qingdao Qingwei"]
[BlackTeam "Chongqing Masite"]
[WhiteTeamCountry "CHN"]
[BlackTeamCountry "CHN"]

1. d4 Nf6 2. c4 g6 3. Nc3 d5 4. Nf3 Bg7 5. Bf4 c5 6. e3 Nc6 7. Be2 0-0 8. 0-0 cxd4 9. Nxd4 Nxd4 10. Qxd4 Be6 11. Rfd1 Qa5 12. Bf3 dxc4 13. Qe5 Nd5 14. Rxd5 Bxd5 15. Qxd5 Qb4 16. Qxb7 Bxc3 17. bxc3 Qxc3 18. Rb1 Rfe8 19. Qb5 a6 20. Qa4 Rac8 21. Bb7 Rcd8 22. Bc7 Qd3 23. Rf1 Rd7 24. Bc6 Rxc7 25. Bxe8 c3 26. Qb3 Qf5 27. e4 Qf4 28. g3 Qf6 29. Bxf7+ Kg7 30. Qb8 Rd7 31. Qg8+ Kh6 32. Qf8+ Kh5 33. Qc8 Qd4 34. Bd5 Qa7 35. Bc6 g5 36. Qxd7 Qc5 37. Qe6 g4 38. Be8+ 1-0

[Event "CHN-chT Div-A Rapid"]
[Site "Fuling"]
[Date "2022.09.08"]
[Round "3.4"]
[White "Huang, Renjie"]
[Black "Wang, Hao B"]
[Result "1-0"]
[WhiteElo "2446"]
[BlackElo "2165"]
[PlyCount "145"]
[EventDate "2022.09.06"]
[EventType "team-tourn (rapid)"]
[EventRounds "11"]
[EventCountry "CHN"]
[SourceTitle "CBM 210 Extra"]
[Source "ChessBase"]
[SourceDate "2022.11.30"]
[SourceVersion "1"]
[SourceVersionDate "2022.11.30"]
[SourceQuality "1"]
[WhiteTeam "Shandong"]
[BlackTeam "Qingdao"]
[WhiteTeamCountry "CHN"]
[BlackTeamCountry "CHN"]

1. e4 c5 2. Nf3 d6 3. d4 cxd4 4. Nxd4 Nf6 5. Nc3 a6 6. Rg1 g6 7. g4 Bg7 8. g5 Nfd7 9. Be3 Nc6 10. Qd2 Nde5 11. Be2 Na5 12. b3 Nec6 13. 0-0-0 0-0 14. h4 Be6 15. h5 Nxd4 16. Bxd4 Bxd4 17. Qxd4 Rc8 18. Rh1 Nc6 19. Qe3 Ne5 20. f4 Qa5 21. Kb2 Ng4 22. Bxg4 Bxg4 23. Rd5 Qc7 24. Rd2 Qc5 25. Qxc5 Rxc5 26. Nd5 Re8 27. hxg6 fxg6 28. Re1 Be6 29. Nb4 Rf8 30. Nd3 Rcc8 31. Rh2 Rf7 32. Reh1 Bg4 33. Rh4 Be2 34. Nb4 e6 35. f5 exf5 36. exf5 Rxf5 37. Rxh7 Bh5 38. Rd7 a5 39. Nd3 Rxg5 40. Nf4 Rf5 41. Rh4 b5 42. Rxd6 Kf7 43. Nd3 Re8 44. Ra6 b4 45. a3 bxa3+ 46. Kxa3 Re6 47. Ra7+ Kf6 48. c4 Re3 49. Rd4 Bd1 50. Ra6+ Kg5 51. Rdd6 Kh4 52. Rd4+ Kg5 53. Nc1 Re1 54. Rdd6 Bh5 55. Nd3 Re3 56. Ka4 Kh4 57. Rxa5 Rxa5+ 58. Kxa5 g5 59. c5 Be2 60. Nc1 Bf1 61. Rh6+ Kg3 62. c6 Rc3 63. Na2 Rxb3 64. Nb4 Rc3 65. Kb6 Bh3 66. c7 Bc8 67. Rh8 Be6 68. Re8 Bf5 69. Re5 Kg4 70. Nd5 Rb3+ 71. Kc5 Bc8 72. Re8 Bd7 73. Nf6+ 1-0

[Event "CHN-chT Div-A"]
[Site "Fuling"]
[Date "2022.09.06"]
[Round "1.5"]
[White "Wang, Hao B"]
[Black "Nie, Xinyang"]
[Result "1-0"]
[WhiteElo "2165"]
[BlackElo "2388"]
[PlyCount "67"]
[EventDate "2022.09.06"]
[EventType "team-tourn"]
[EventRounds "11"]
[EventCountry "CHN"]
[SourceTitle "CBM 210 Extra"]
[Source "ChessBase"]
[SourceDate "2022.11.30"]
[SourceVersion "1"]
[SourceVersionDate "2022.11.30"]
[SourceQuality "1"]
[WhiteTeam "Qingdao"]
[BlackTeam "Chongqing Jiulongpo"]
[WhiteTeamCountry "CHN"]
[BlackTeamCountry "CHN"]

1. d4 Nf6 2. c4 e6 3. Nf3 d5 4. Nc3 Be7 5. Bg5 0-0 6. e3 h6 7. Bh4 b6 8. cxd5 exd5 9. Bd3 Bb7 10. 0-0 Nbd7 11. Rc1 a6 12. Qc2 c5 13. Bf5 c4 14. a4 Re8 15. Rfd1 Nf8 16. Ne5 g6 17. Bh3 g5 18. Bg3 Nh5 19. b3 Nxg3 20. hxg3 Kg7 21. bxc4 f6 22. Nf3 h5 23. Bf5 dxc4 24. d5 Qc7 25. Nd4 Bb4 26. Be6 Kh8 27. Ne4 Nxe6 28. Nxe6 Qe7 29. Qe2 g4 30. Rxc4 Rac8 31. Nxf6 Qxf6 32. Rxb4 Qe5 33. Nf4 Qd6 34. Qb2+ 1-0

[Event "CHN-chT Div-A Rapid"]
[Site "Fuling"]
[Date "2022.09.06"]
[Round "1.5"]
[White "Zhang, Pengxiang"]
[Black "Wang, Hao B"]
[Result "0-1"]
[WhiteElo "2564"]
[BlackElo "2165"]
[PlyCount "66"]
[EventDate "2022.09.06"]
[EventType "team-tourn (rapid)"]
[EventRounds "11"]
[EventCountry "CHN"]
[SourceTitle "CBM 210 Extra"]
[Source "ChessBase"]
[SourceDate "2022.11.30"]
[SourceVersion "1"]
[SourceVersionDate "2022.11.30"]
[SourceQuality "1"]
[WhiteTeam "Chongqing Jiulongpo"]
[BlackTeam "Qingdao"]
[WhiteTeamCountry "CHN"]
[BlackTeamCountry "CHN"]

1. e4 c5 2. Nf3 d6 3. d4 cxd4 4. Nxd4 Nf6 5. Nc3 a6 6. h3 Nc6 7. Bc4 e6 8. Bb3 Be7 9. Be3 0-0 10. g4 Bd7 11. g5 Ne8 12. h4 Nxd4 13. Qxd4 Bc6 14. f4 e5 15. fxe5 dxe5 16. Qxe5 Bd6 17. Qf5 Bg3+ 18. Bf2 Nd6 19. Qg4 Nxe4 20. Nxe4 Bxe4 21. 0-0 Bxf2+ 22. Rxf2 Bc6 23. Raf1 Qb6 24. Kh2 Rad8 25. Rxf7 Rxf7 26. Rxf7 Bd5 27. Bxd5 Qd6+ 28. Qf4 Qxd5 29. Rc7 b5 30. c4 Qe6 31. Kg3 Qe1+ 32. Kg4 Qe2+ 33. Qf3 Rd4+ 0-1

[Event "CHN-chB"]
[Site "Hangzhou"]
[Date "2019.07.06"]
[Round "10"]
[White "Wang, Hao B"]
[Black "Xiang, Zeyu"]
[Result "1/2-1/2"]
[WhiteElo "2111"]
[BlackElo "2447"]
[PlyCount "104"]
[EventDate "2019.07.02"]
[EventType "swiss"]
[EventRounds "11"]
[EventCountry "CHN"]
[SourceTitle "CBM 191 Extra"]
[Source "ChessBase"]
[SourceDate "2019.09.30"]
[SourceVersion "1"]
[SourceVersionDate "2019.09.30"]
[SourceQuality "1"]

1. Nf3 Nf6 2. g3 d5 3. Bg2 e6 4. 0-0 Be7 5. d4 b5 6. Nbd2 0-0 7. a4 b4 8. c4 bxc3 9. bxc3 c5 10. Re1 Nc6 11. Ba3 cxd4 12. cxd4 Ba6 13. Bxe7 Qxe7 14. Nb3 Ne4 15. Rc1 Rac8 16. Nfd2 Nxd2 17. Qxd2 Bc4 18. Na5 Nxa5 19. Qxa5 Qd7 20. e3 Rc6 21. Qd2 h6 22. Bf1 Bxf1 23. Rxf1 Rxc1 24. Rxc1 Qxa4 25. Rc7 Rb8 26. Kg2 g6 27. Qc3 Qa2 28. Rxf7 Kxf7 29. Qc7+ Kf6 30. Qxb8 Ke7 31. Qc7+ Ke8 32. Qd6 Kf7 33. Qd7+ Kf6 34. Qe8 g5 35. Qf8+ Kg6 36. Qg8+ Kf6 37. Qh7 a5 38. Qxh6+ Kf7 39. Qh7+ Kf6 40. Qh6+ Kf7 41. Qxg5 Qc2 42. Qf4+ Kg6 43. Qb8 Qe4+ 44. Kg1 Kg5 45. Qg8+ Qg6 46. h4+ Kh5 47. Qa8 Qb1+ 48. Kh2 Qf5 49. Qh8+ Kg4 50. Qg7+ Kf3 51. Qc7 a4 52. Qa7 Kg4 1/2-1/2

[Event "CHN-chB"]
[Site "Hangzhou"]
[Date "2019.07.05"]
[Round "7"]
[White "Lin, Yi1111"]
[Black "Wang, Hao B"]
[Result "1/2-1/2"]
[WhiteElo "2406"]
[BlackElo "2111"]
[PlyCount "72"]
[EventDate "2019.07.02"]
[EventType "swiss"]
[EventRounds "11"]
[EventCountry "CHN"]
[SourceTitle "CBM 191 Extra"]
[Source "ChessBase"]
[SourceDate "2019.09.30"]
[SourceVersion "1"]
[SourceVersionDate "2019.09.30"]
[SourceQuality "1"]

1. d4 Nf6 2. c4 g6 3. Nc3 Bg7 4. e4 d6 5. h3 0-0 6. Nf3 e5 7. dxe5 dxe5 8. Qxd8 Rxd8 9. Bg5 Re8 10. Nd5 Nxd5 11. cxd5 c6 12. Bc4 b5 13. Bb3 c5 14. a4 c4 15. Bd1 b4 16. Be2 Ba6 17. Rc1 Rc8 18. Bd2 b3 19. Bc3 Nd7 20. Nd2 Bh6 21. Bg4 Rd8 22. Bxd7 Rxd7 23. Ke2 f5 24. f3 Rf8 25. Rcf1 Rdf7 26. Nb1 Bf4 27. g4 h5 28. gxf5 gxf5 29. Rhg1+ Kh7 30. Na3 h4 31. Nb5 Bxb5 32. axb5 Bh2 33. Rg2 Bg3 34. Ra1 fxe4 35. fxe4 Rf4 36. Rxa7+ Kg6 1/2-1/2

[Event "CHN-chB"]
[Site "Hangzhou"]
[Date "2019.07.04"]
[Round "6"]
[White "Wang, Hao B"]
[Black "Lin, Weiguo"]
[Result "1-0"]
[WhiteElo "2111"]
[BlackElo "2408"]
[PlyCount "209"]
[EventDate "2019.07.02"]
[EventType "swiss"]
[EventRounds "11"]
[EventCountry "CHN"]
[SourceTitle "CBM 191 Extra"]
[Source "ChessBase"]
[SourceDate "2019.09.30"]
[SourceVersion "1"]
[SourceVersionDate "2019.09.30"]
[SourceQuality "1"]

1. d4 d5 2. c4 e6 3. Nf3 Nf6 4. Nc3 Be7 5. e3 0-0 6. Bd3 c5 7. 0-0 Nc6 8. a3 b6 9. b3 Bb7 10. Bb2 Rc8 11. cxd5 exd5 12. Bf5 Rb8 13. Rc1 g6 14. Bd3 Na5 15. Ne5 Nd7 16. Nxd7 Qxd7 17. Bc2 Rfd8 18. Re1 Bf8 19. h3 Bg7 20. Na4 c4 21. b4 Nc6 22. Nc3 a6 23. Qg4 f5 24. Qg3 b5 25. h4 Qd6 26. Qxd6 Rxd6 27. Bd1 Bc8 28. Bf3 Be6 29. Ne2 Bf7 30. Bc3 Rd7 31. Ra1 Bf8 32. Reb1 Na7 33. a4 bxa4 34. Rxa4 Nb5 35. Rxa6 Nxc3 36. Nxc3 Rxb4 37. Rb6 Rxb1+ 38. Rxb1 Kg7 39. Kf1 Be7 40. g3 Bd8 41. Rb5 Ra7 42. Bxd5 Ba5 43. Bxf7 Kxf7 44. Nd5 Ke6 45. Ke2 Kd6 46. Nf4 Bd8 47. Rd5+ Ke7 48. Rc5 Ra2+ 49. Kf3 Rc2 50. h5 g5 51. Nd5+ Ke6 52. Nb4 g4+ 53. Kg2 Rc1 54. Nd3 Rc2 55. Nf4+ Kf6 56. d5 Ke7 57. Kf1 Rc1+ 58. Ke2 Rc2+ 59. Ke1 Kd7 60. Ne6 Be7 61. Rb5 c3 62. Rb7+ Kd6 63. Nd4 Rb2 64. Nxf5+ Ke5 65. Rxe7+ Kxf5 66. Rc7 Rc2 67. Re7 Ra2 68. e4+ Kg5 69. Rc7 Ra4 70. Rxc3 Rxe4+ 71. Kd2 Kf6 72. Re3 Ra4 73. Rd3 Ke7 74. Ke3 Kd6 75. Rd4 Ra3+ 76. Kf4 Rf3+ 77. Kxg4 Rxf2 78. Kg5 Kc5 79. Rf4 Rg2 80. Rf5 Kd6 81. g4 h6+ 82. Kh4 Ke7 83. Re5+ Kf7 84. Re6 Rd2 85. Rxh6 Rxd5 86. Ra6 Kg7 87. Ra7+ Kg8 88. h6 Rd6 89. Kh5 Rd5+ 90. g5 Rb5 91. Re7 Ra5 92. Kg6 Ra6+ 93. Kf5 Ra1 94. Re8+ Kh7 95. Re7+ Kg8 96. Rb7 Ra4 97. Re7 Ra5+ 98. Kg6 Ra6+ 99. Kf5 Ra1 100. g6 Rf1+ 101. Ke6 Re1+ 102. Kd7 Rd1+ 103. Ke8 Rg1 104. Rg7+ Kh8 105. Kf8 1-0